[Event "Platja d'Aro op 5th"]
[Site "Platja d'Aro"]
[Date "2017.06.27"]
[Round "3"]
[White "Saurina Suner, Francesc Xavier"]
[Black "Zolotukhin, Valery"]
[Result "0-1"]
[WhiteElo "1990"]
[BlackElo "2317"]
[PlyCount "67"]
[EventDate "2017.06.25"]
[EventType "swiss"]
[EventRounds "9"]
[EventCountry "ESP"]
[SourceTitle "EXT 2018"]
[Source "ChessBase"]
[SourceDate "2017.10.13"]
[SourceVersion "1"]
[SourceVersionDate "2017.10.13"]
[SourceQuality "1"]

1. e4 c6 2. d4 d5 3. e5 Bf5 4. h4 h5 5. Bg5 Qb6 6. Bd3 Bxd3 7. Qxd3 e6 8. Nd2 Ne7 9. Ne2 Nd7 10. 0-0 c5 11. c4 cxd4 12. Bxe7 Bxe7 13. cxd5 Nxe5 14. Qe4 Ng4 15. dxe6 0-0 16. Nxd4 Bxh4 17. N2f3 Bf6 18. Rad1 fxe6 19. Qxe6+ Qxe6 20. Nxe6 Rf7 21. Rd5 Re8 22. Ned4 Bxd4 23. Rxd4 Re2 24. Rd8+ Rf8 25. Rd2 Rfe8 26. Rfd1 Nxf2 27. Rxe2 Rxe2 28. Rd7 Rxb2 29. Ng5 g6 30. Ne6 Ng4 31. g3 Ne5 32. Rg7+ Kh8 33. Re7 Nf3+ 34. Kf1 0-1

[Event "Moscow Aeroflot op-B 10th"]
[Site "Moscow"]
[Date "2011.02.14"]
[Round "7"]
[White "Poghosyan, Suren"]
[Black "Zolotukhin, Valery"]
[Result "0-1"]
[WhiteElo "2317"]
[BlackElo "2348"]
[PlyCount "94"]
[EventDate "2011.02.08"]
[EventType "swiss"]
[EventRounds "9"]
[EventCountry "RUS"]
[SourceTitle "CBM 140 Extra"]
[Source "ChessBase"]
[SourceDate "2011.03.01"]
[SourceVersion "1"]
[SourceVersionDate "2011.03.01"]
[SourceQuality "1"]

1. d4 Nf6 2. c4 c5 3. e3 g6 4. Nc3 Bg7 5. Nf3 0-0 6. Bd3 cxd4 7. exd4 d5 8. h3 Nc6 9. 0-0 b6 10. cxd5 Nxd5 11. Bc4 Be6 12. Bb5 Rc8 13. Ne4 Ndb4 14. Be3 Bd5 15. Nc3 Bxf3 16. Qxf3 Nxd4 17. Bxd4 Qxd4 18. Rad1 Qh4 19. g3 Qg5 20. h4 Qf5 21. Qb7 Rc5 22. Bd7 Qc2 23. Rc1 Qxb2 24. Na4 Qxc1 25. Rxc1 Rxc1+ 26. Kg2 Bd4 27. Qe4 e5 28. a3 Na6 29. h5 Nc5 30. Nxc5 bxc5 31. Bc6 Rd1 32. Bd5 Kg7 33. Qh4 Rd2 34. Qe7 Rxf2+ 35. Kh3 Rf1 36. Bc4 Rh1+ 37. Kg2 Rxh5 38. g4 Rh6 39. Ba2 Rb8 40. g5 Rh4 41. Qf6+ Kg8 42. Bc4 Rb2+ 43. Kg3 Rf4 44. Bxf7+ Kf8 45. Qh8+ Kxf7 46. Qxh7+ Kf8 47. Qxg6 Rb3+ 0-1

[Event "Moscow-ch act"]
[Site "Moscow"]
[Date "2010.10.03"]
[Round "6"]
[White "Kurukin, Dmitry"]
[Black "Zolotukhin, Valery"]
[Result "1-0"]
[WhiteElo "2277"]
[BlackElo "2348"]
[PlyCount "78"]
[EventDate "2010.10.03"]
[EventType "swiss"]
[EventRounds "9"]
[EventCountry "RUS"]
[SourceTitle "EXT 2012"]
[Source "ChessBase"]
[SourceDate "2011.11.24"]
[SourceVersion "1"]
[SourceVersionDate "2011.11.24"]
[SourceQuality "1"]

1. d4 Nf6 2. c4 g6 3. Nc3 Bg7 4. e4 d6 5. Nf3 0-0 6. h3 e5 7. d5 a5 8. Bg5 Na6 9. Nd2 Qe8 10. Be2 Nd7 11. a3 Nb6 12. h4 Bd7 13. b3 f6 14. Be3 f5 15. h5 Qe7 16. g4 fxe4 17. hxg6 hxg6 18. Ndxe4 Rf4 19. f3 Raf8 20. Rh3 Be8 21. Qc2 Nd7 22. 0-0-0 Ndc5 23. Nxc5 Nxc5 24. Bxc5 dxc5 25. Ne4 g5 26. d6 cxd6 27. Nxd6 e4 28. fxe4 Bg6 29. Nf5 Bxf5 30. gxf5 Qe5 31. Rd5 Qa1+ 32. Kd2 Bd4 33. Rh6 Re8 34. Rg6+ Kf8 35. Bd3 Rf2+ 36. Be2 Bc3+ 37. Kd3 Bd4 38. Kd2 Rf4 39. Bd3 Bc3+ 1-0

[Event "Voronezh op-A 14th"]
[Site "Voronezh"]
[Date "2010.06.16"]
[Round "5"]
[White "Zolotukhin, Valery"]
[Black "Sivuk, Vitaly"]
[Result "0-1"]
[WhiteElo "2358"]
[BlackElo "2436"]
[PlyCount "100"]
[EventDate "2010.06.12"]
[EventType "swiss"]
[EventRounds "9"]
[EventCountry "RUS"]
[SourceTitle "CBM 137 Extra"]
[Source "ChessBase"]
[SourceDate "2010.09.01"]
[SourceVersion "1"]
[SourceVersionDate "2010.09.01"]
[SourceQuality "1"]

1. e4 d5 2. exd5 Nf6 3. d4 Nxd5 4. Nf3 g6 5. c4 Nb6 6. Nc3 Bg7 7. c5 Nd5 8. Bc4 c6 9. Qb3 0-0 10. 0-0 Nxc3 11. bxc3 b5 12. cxb6 axb6 13. Re1 Ba6 14. Bg5 Bxc4 15. Qxc4 Re8 16. a4 Qd6 17. Bh4 Nd7 18. Rad1 e6 19. Ne5 Rec8 20. Bg3 Nxe5 21. dxe5 Qa3 22. Ra1 Qe7 23. Reb1 Qa7 24. Qb3 b5 25. a5 Qc7 26. a6 Bxe5 27. Bxe5 Qxe5 28. h3 Qc5 29. Qb4 Qxb4 30. Rxb4 Rd8 31. Kf1 Ra7 32. c4 Rd4 33. Ke2 Kf8 34. Ke3 e5 35. Rab1 Rxa6 36. cxb5 Rxb4 37. Rxb4 Rb6 38. Rh4 cxb5 39. Rxh7 b4 40. Kd2 b3 41. Kc1 Rc6+ 42. Kb2 Rc2+ 43. Kxb3 Rxf2 44. g4 Kg8 45. Rh6 Kg7 46. g5 Rg2 47. h4 Rg4 48. Kc3 f5 49. Kd3 Rg3+ 50. Ke2 e4 0-1

[Event "Voronezh op-A 14th"]
[Site "Voronezh"]
[Date "2010.06.12"]
[Round "1"]
[White "Zolotukhin, Valery"]
[Black "Zubov, Alexander"]
[Result "0-1"]
[WhiteElo "2358"]
[BlackElo "2586"]
[PlyCount "90"]
[EventDate "2010.06.12"]
[EventType "swiss"]
[EventRounds "9"]
[EventCountry "RUS"]
[SourceTitle "CBM 137 Extra"]
[Source "ChessBase"]
[SourceDate "2010.09.01"]
[SourceVersion "1"]
[SourceVersionDate "2010.09.01"]
[SourceQuality "1"]

1. e4 c5 2. Nf3 e6 3. d4 cxd4 4. Nxd4 a6 5. Bd3 Bc5 6. Be3 d6 7. Nd2 Ne7 8. Qe2 Nd7 9. 0-0 0-0 10. f4 e5 11. N4b3 Bxe3+ 12. Qxe3 exf4 13. Rxf4 Ne5 14. Nc4 N7g6 15. Rff1 Be6 16. Nba5 Rc8 17. Qd4 Qg5 18. Kh1 Nf4 19. Rxf4 Nxc4 20. Nxc4 Qxf4 21. Rf1 Qh4 22. Nxd6 Rcd8 23. Qe5 Rd7 24. a4 Qe7 25. Nf5 Bxf5 26. Qxf5 Rc7 27. b3 Rc5 28. Qf2 Re5 29. Qb6 g6 30. h3 Kg7 31. Qd4 Rd8 32. Qc3 Rd6 33. Bc4 Rf6 34. Rxf6 Qxf6 35. Bd5 Re7 36. Qb4 b6 37. a5 bxa5 38. Qxa5 Qf1+ 39. Kh2 Qf4+ 40. Kg1 Qc1+ 41. Kh2 Qxc2 42. Qxa6 Qc7+ 43. Kh1 Qc1+ 44. Kh2 Qf4+ 45. Kh1 Rc7 0-1

[Event "Khanty-Mansiysk Governor Cup-A 5th"]
[Site "Khanty-Mansiysk"]
[Date "2009.11.27"]
[Round "4"]
[White "Zolotukhin, Valery"]
[Black "Jumabayev, Rinat"]
[Result "1/2-1/2"]
[WhiteElo "2358"]
[BlackElo "2552"]
[PlyCount "54"]
[EventDate "2009.11.24"]
[EventType "swiss"]
[EventRounds "10"]
[EventCountry "RUS"]
[SourceTitle "EXT 2011"]
[Source "ChessBase"]
[SourceDate "2010.11.26"]
[SourceVersion "1"]
[SourceVersionDate "2010.11.26"]
[SourceQuality "1"]

1. e4 e5 2. Nf3 Nc6 3. Bc4 Nf6 4. Ng5 d5 5. exd5 Na5 6. Bb5+ c6 7. dxc6 bxc6 8. Be2 h6 9. Nh3 Bd6 10. d3 0-0 11. Nc3 Nh7 12. 0-0 Qh4 13. Kh1 Bxh3 14. gxh3 f5 15. Rg1 Bc5 16. Rg6 Kh8 17. Qf1 Bxf2 18. Bd2 Ng5 19. Qg2 Nxh3 20. Rf1 e4 21. Nd1 e3 22. Bc3 Nf4 23. Rxg7 Nxg2 24. Rf7+ Kg8 25. Rg7+ Kh8 26. Rf7+ Kg8 27. Rg7+ Kh8 1/2-1/2

[Event "Khanty-Mansiysk Governor Cup-A 5th"]
[Site "Khanty-Mansiysk"]
[Date "2009.11.26"]
[Round "3"]
[White "Kabanov, Nikolai"]
[Black "Zolotukhin, Valery"]
[Result "1-0"]
[WhiteElo "2502"]
[BlackElo "2358"]
[PlyCount "83"]
[EventDate "2009.11.24"]
[EventType "swiss"]
[EventRounds "10"]
[EventCountry "RUS"]
[SourceTitle "EXT 2011"]
[Source "ChessBase"]
[SourceDate "2010.11.26"]
[SourceVersion "1"]
[SourceVersionDate "2010.11.26"]
[SourceQuality "1"]

1. e4 c5 2. Nf3 Nc6 3. Bb5 g6 4. 0-0 Bg7 5. c3 Nf6 6. Re1 0-0 7. d4 d5 8. e5 Ne4 9. Bxc6 bxc6 10. Nbd2 Bf5 11. Qa4 Qb6 12. Qa3 cxd4 13. cxd4 f6 14. e6 g5 15. Qe3 h6 16. b3 Bh7 17. Ba3 f5 18. Nxe4 fxe4 19. Ne5 Bxe5 20. dxe5 Qxe3 21. fxe3 Rf5 22. Rec1 Rc8 23. Bxe7 Rxe5 24. Bc5 Rxe6 25. Bxa7 Re7 26. Bd4 Bf5 27. Rc5 Rb7 28. Rf1 Rf7 29. Ra5 Bd7 30. Bc5 Rxf1+ 31. Kxf1 Kf7 32. Ra7 Ke6 33. a4 Rg8 34. Ke1 Rg7 35. a5 Rf7 36. Rc7 d4 37. a6 d3 38. a7 d2+ 39. Kxd2 Rf2+ 40. Kc3 Ra2 41. b4 g4 42. Rb7 1-0

[Event "EU-ch 10th"]
[Site "Budva"]
[Date "2009.03.07"]
[Round "2"]
[White "Zolotukhin, Valery"]
[Black "Pecurica, Milos"]
[Result "1-0"]
[WhiteElo "2358"]
[BlackElo "1934"]
[PlyCount "83"]
[EventDate "2009.03.06"]
[EventType "swiss"]
[EventRounds "11"]
[EventCountry "MNE"]
[SourceTitle "CBM 130"]
[Source "ChessBase"]
[SourceDate "2009.05.20"]
[SourceVersion "1"]
[SourceVersionDate "2009.05.20"]
[SourceQuality "1"]

1. e4 c5 2. Nf3 d6 3. d4 cxd4 4. Nxd4 Nf6 5. Nc3 Nc6 6. Bg5 e6 7. Qd2 Be7 8. 0-0-0 Nxd4 9. Qxd4 0-0 10. f3 a6 11. h4 b5 12. e5 dxe5 13. Qxe5 Qb6 14. Bd3 Bb7 15. h5 h6 16. Be3 Qc6 17. Qg3 Kh8 18. Bd4 Rg8 19. Qf4 Bd6 20. Qd2 Qc7 21. Rh4 e5 22. Be3 Bf8 23. a3 Nd5 24. Nxd5 Bxd5 25. Bf5 Rd8 26. Qf2 Bc4 27. Rhh1 Rxd1+ 28. Rxd1 b4 29. axb4 Bxb4 30. Bd2 Qa5 31. Bxb4 Qxb4 32. Rd7 Rb8 33. c3 Qa4 34. Qb6 Qa1+ 35. Kc2 Rg8 36. Rd8 Qa4+ 37. Kd2 Bb5 38. Rxg8+ Kxg8 39. Qd8+ Be8 40. Bd3 a5 41. b3 Qf4+ 42. Ke2 1-0

[Event "Moscow op-A"]
[Site "Moscow"]
[Date "2009.02.08"]
[Round "9"]
[White "Ulko, Jaroslav"]
[Black "Zolotukhin, Valery"]
[Result "0-1"]
[WhiteElo "1898"]
[BlackElo "2358"]
[PlyCount "50"]
[EventDate "2009.01.31"]
[EventType "swiss"]
[EventRounds "9"]
[EventCountry "RUS"]
[SourceTitle "EXT 2023"]
[Source "ChessBase"]
[SourceDate "2022.10.05"]
[SourceVersion "1"]
[SourceVersionDate "2022.10.05"]
[SourceQuality "1"]

1. e4 c5 2. Nf3 Nc6 3. d4 cxd4 4. Nxd4 Nf6 5. Nc3 d6 6. Bg5 e6 7. Qd2 a6 8. 0-0-0 h6 9. Be3 Bd7 10. f4 Qc7 11. Bd3 Na5 12. Nf3 b5 13. Bd4 b4 14. e5 bxc3 15. Bxc3 Nc4 16. Bxc4 Ne4 17. Qd3 d5 18. Bb3 Nxc3 19. Qxc3 Qxc3 20. bxc3 Ba3+ 21. Kd2 a5 22. c4 a4 23. cxd5 axb3 24. dxe6 Bxe6 25. axb3 Ke7 0-1

[Event "Moscow op-A"]
[Site "Moscow"]
[Date "2009.02.04"]
[Round "5"]
[White "Kotov, Alexander2222"]
[Black "Zolotukhin, Valery"]
[Result "0-1"]
[WhiteElo "2203"]
[BlackElo "2358"]
[PlyCount "66"]
[EventDate "2009.01.31"]
[EventType "swiss"]
[EventRounds "9"]
[EventCountry "RUS"]
[SourceTitle "EXT 2022"]
[Source "ChessBase"]
[SourceDate "2021.10.06"]
[SourceVersion "1"]
[SourceVersionDate "2021.10.06"]
[SourceQuality "1"]

1. d4 Nf6 2. c4 g6 3. Nc3 Bg7 4. e4 d6 5. f3 0-0 6. Be3 Nc6 7. Qd2 a6 8. Nge2 Rb8 9. Nc1 e5 10. Nb3 exd4 11. Nxd4 Ne5 12. Be2 c5 13. Nc2 Be6 14. Na3 Qe7 15. 0-0 Rfd8 16. Bg5 Nc6 17. Rfe1 Qf8 18. Nc2 h6 19. Be3 b5 20. cxb5 axb5 21. Bxb5 Na7 22. a4 d5 23. e5 Nd7 24. Bf4 d4 25. Ne4 Nxb5 26. axb5 Nxe5 27. Na3 Rd5 28. Nf2 g5 29. Bg3 c4 30. Ng4 c3 31. bxc3 dxc3 32. Qxd5 Bxd5 33. Nxe5 Re8 0-1

[Event "Moscow op-A"]
[Site "Moscow"]
[Date "2009.02.01"]
[Round "2"]
[White "Zolotukhin, Valery"]
[Black "Inarkiev, Ernesto"]
[Result "0-1"]
[WhiteElo "2358"]
[BlackElo "2656"]
[PlyCount "62"]
[EventDate "2009.01.31"]
[EventType "swiss"]
[EventRounds "9"]
[EventCountry "RUS"]
[SourceTitle "CBM 128 Extra"]
[Source "ChessBase"]
[SourceDate "2009.03.05"]
[SourceVersion "2"]
[SourceVersionDate "2009.03.25"]
[SourceQuality "1"]

1. d4 Nf6 2. c4 e6 3. Nf3 c5 4. d5 b5 5. dxe6 fxe6 6. cxb5 d5 7. Bg5 Nbd7 8. Nbd2 Bd6 9. e4 0-0 10. Bd3 h6 11. Bh4 Ne5 12. Nxe5 Bxe5 13. 0-0 c4 14. Bc2 Bxb2 15. Rb1 Bc3 16. exd5 exd5 17. Nxc4 dxc4 18. Qf3 Qd2 19. Bxf6 Bxf6 20. Qe4 Rb8 21. Qh7+ Kf7 22. Qg6+ Kg8 23. Qh7+ Kf7 24. Qg6+ Ke7 25. Rfe1+ Be6 26. Bf5 Rb6 27. Qg4 Bd4 28. Bxe6 Bxf2+ 29. Kh1 Bxe1 30. Qxg7+ Ke8 31. Bxc4 Rbf6 0-1

[Event "Moscow op-A"]
[Site "Moscow"]
[Date "2009.01.31"]
[Round "1"]
[White "Stoletov, Gennadi"]
[Black "Zolotukhin, Valery"]
[Result "0-1"]
[WhiteElo "2306"]
[BlackElo "2358"]
[PlyCount "56"]
[EventDate "2009.01.31"]
[EventType "swiss"]
[EventRounds "9"]
[EventCountry "RUS"]
[SourceTitle "EXT 2022"]
[Source "ChessBase"]
[SourceDate "2021.10.06"]
[SourceVersion "1"]
[SourceVersionDate "2021.10.06"]
[SourceQuality "1"]

1. e4 Nc6 2. Nf3 d5 3. exd5 Qxd5 4. Nc3 Qa5 5. Be2 Bg4 6. d3 Nf6 7. Bd2 e6 8. a3 0-0-0 9. b4 Qf5 10. h3 Bxf3 11. Bxf3 Nd4 12. Be4 Nxe4 13. Nxe4 Be7 14. 0-0 h5 15. Re1 g5 16. c3 Nc6 17. d4 g4 18. b5 Nb8 19. h4 Bxh4 20. Qa4 Be7 21. Qxa7 h4 22. Qa4 h3 23. Qd1 hxg2 24. Kxg2 Rh3 25. Qe2 Rdh8 26. Ng3 Rh2+ 27. Kg1 Qf3 28. Qxf3 gxf3 0-1

[Event "Moscow"]
[Site "Moscow"]
[Date "2008.05.19"]
[Round "10"]
[White "Zolotukhin, Valery"]
[Black "Morozov, Grigory"]
[Result "1/2-1/2"]
[WhiteElo "2333"]
[BlackElo "2357"]
[PlyCount "34"]
[EventDate "2008.05.10"]
[EventType "tourn"]
[EventRounds "11"]
[EventCountry "RUS"]
[EventCategory "3"]
[SourceTitle "CBM 124 Extra"]
[Source "ChessBase"]
[SourceDate "2008.07.03"]
[SourceVersion "1"]
[SourceVersionDate "2008.07.03"]
[SourceQuality "1"]

1. d4 e6 2. e4 d5 3. Nc3 dxe4 4. Nxe4 Be7 5. Nf3 Nf6 6. Bd3 Nxe4 7. Bxe4 Nd7 8. Qe2 c5 9. Bf4 Qa5+ 10. Bd2 Qc7 11. 0-0 0-0 12. c4 Nf6 13. Bc2 b6 14. Bc3 Bb7 15. Ne5 Rad8 16. Rad1 cxd4 17. Bxd4 Bc5 1/2-1/2

[Event "Moscow"]
[Site "Moscow"]
[Date "2008.05.18"]
[Round "9"]
[White "Prosviriakov, Vladimir"]
[Black "Zolotukhin, Valery"]
[Result "1/2-1/2"]
[WhiteElo "2328"]
[BlackElo "2333"]
[PlyCount "55"]
[EventDate "2008.05.10"]
[EventType "tourn"]
[EventRounds "11"]
[EventCountry "RUS"]
[EventCategory "3"]
[SourceTitle "CBM 124 Extra"]
[Source "ChessBase"]
[SourceDate "2008.07.03"]
[SourceVersion "1"]
[SourceVersionDate "2008.07.03"]
[SourceQuality "1"]

1. d4 Nf6 2. c4 d6 3. Nc3 g6 4. e4 Bg7 5. Nf3 0-0 6. Be2 e5 7. dxe5 dxe5 8. Qxd8 Rxd8 9. Bg5 Re8 10. Nd5 Nxd5 11. cxd5 c6 12. 0-0-0 cxd5 13. exd5 h6 14. Be3 Rd8 15. Rd2 e4 16. Ne1 f5 17. Nc2 Nd7 18. Rhd1 Ne5 19. Na3 Bd7 20. Kb1 g5 21. Bd4 f4 22. Nc4 Nxc4 23. Bxc4 Bf5 24. d6+ Kh7 25. Bxg7 Kxg7 26. Ka1 Rac8 27. b3 Kf6 28. Kb2 1/2-1/2

[Event "Moscow"]
[Site "Moscow"]
[Date "2008.05.14"]
[Round "5"]
[White "Kozlov, Gennady"]
[Black "Zolotukhin, Valery"]
[Result "1/2-1/2"]
[WhiteElo "2246"]
[BlackElo "2333"]
[PlyCount "62"]
[EventDate "2008.05.10"]
[EventType "tourn"]
[EventRounds "11"]
[EventCountry "RUS"]
[EventCategory "3"]
[SourceTitle "CBM 124 Extra"]
[Source "ChessBase"]
[SourceDate "2008.07.03"]
[SourceVersion "1"]
[SourceVersionDate "2008.07.03"]
[SourceQuality "1"]

1. d4 Nf6 2. c4 g6 3. d5 Bg7 4. Nc3 0-0 5. e4 d6 6. Be2 Na6 7. Nf3 Nc5 8. Qc2 a5 9. 0-0 c6 10. Ne1 cxd5 11. cxd5 Bd7 12. Be3 Rc8 13. f3 a4 14. Nd3 Nxd3 15. Qxd3 a3 16. Rab1 axb2 17. Bd4 Nh5 18. Bxg7 Nf4 19. Qd4 e5 20. dxe6 Qg5 21. g3 Nxe6 22. Qd1 Kxg7 23. Nd5 Qe5 24. Qd2 Qd4+ 25. Qxd4+ Nxd4 26. Bd3 Bh3 27. Rfd1 Nxf3+ 28. Kf2 Ne5 29. Rxb2 Ra8 30. Be2 Be6 31. Rdd2 Nd7 1/2-1/2